书目信息 |
| 题名: |
重大刑事案件趋升原因及对策
|
|
| 作者: | 莫洪宪 , 王明星 , 张勇 著 | |
| 分册: | ||
| 出版信息: | 北京 中国人民公安大学出版社 2005.09 |
|
| 页数: | 306页 | |
| 开本: | 23cm | |
| 丛书名: | 祝贺马克昌教授执教五十六周年暨八十华诞系列文丛 | |
| 单 册: | ||
| 中图分类: | D924.114 | |
| 科图分类: | ||
| 主题词: | 刑事犯罪--研究--中国 , 刑事犯罪 | |
| 电子资源: | ||
| ISBN: | 7-81109-181-X | |
| 000 | 01214oam2 2200289 450 | |
| 001 | 003002574 | |
| 005 | 20051219184950.0 | |
| 010 | @a7-81109-181-X@dCNY45.00 | |
| 100 | @a20100913d2005 em y0chiy0110 ea | |
| 101 | 0 | @achi |
| 102 | @aCN@b110000 | |
| 105 | @ay z 000yy | |
| 200 | 1 | @a重大刑事案件趋升原因及对策@Azhong da xing shi an jian qu sheng yuan yin ji dui ce@f莫洪宪,王明星,张勇著 |
| 210 | @a北京@c中国人民公安大学出版社@d2005.09 | |
| 215 | @a306页@d23cm | |
| 225 | 2 | @a祝贺马克昌教授执教五十六周年暨八十华诞系列文丛 |
| 300 | @a国家社会科学基金项目 | |
| 330 | @a本书共分三篇13章,第一篇是现象篇,包括重大刑事案件趋升的现状分析、重大刑事案件趋升的特点分析;第二篇是原因篇,包括重大刑事案件趋升的原因概述、重大刑事案件趋升的社会经济原因等;第三篇是对策篇,包括遏制重大刑事治安案件趋升的对策、遏制重大经济犯罪案件趋升的对策等内容。 | |
| 461 | 0 | @12001 @a祝贺马克昌教授执教五十六周年暨八十华诞系列文丛 |
| 606 | 0 | @a刑事犯罪@x研究@y中国 |
| 606 | 0 | @a刑事犯罪 |
| 690 | @aD924.114@v5 | |
| 701 | 0 | @a莫洪宪@Amo hong xian@c(女,@f1954~)@4著 |
| 701 | 0 | @a王明星@Awang ming xing@f(1975.2~)@4著 |
| 701 | 0 | @a张勇@Azhang yong@f(1973~)@4著 |
| 905 | @aBZT@dD924.114@e2 | |
| 906 | @dCNY45.00@n0@r1 | |
| 重大刑事案件趋升原因及对策/莫洪宪,王明星,张勇著.-北京:中国人民公安大学出版社,2005.09 |
| 306页;23cm.-(祝贺马克昌教授执教五十六周年暨八十华诞系列文丛) |
| 国家社会科学基金项目 |
| ISBN 7-81109-181-X:CNY45.00 |
| 本书共分三篇13章,第一篇是现象篇,包括重大刑事案件趋升的现状分析、重大刑事案件趋升的特点分析;第二篇是原因篇,包括重大刑事案件趋升的原因概述、重大刑事案件趋升的社会经济原因等;第三篇是对策篇,包括遏制重大刑事治安案件趋升的对策、遏制重大经济犯罪案件趋升的对策等内容。 |
| ● |
| 相关链接 |
|
|
|
正题名:重大刑事案件趋升原因及对策
索取号:D924.114/2
 
预约/预借
| 序号 | 登录号 | 条形码 | 馆藏地/架位号 | 状态 | 备注 |
| 1 | 768748 | 2000768748 | 中心书库南/014架A面3层2列/ [索取号:D924.114/2] | 在馆 | |
| 2 | 768749 | 2000768749 | 中心书库南/014架A面3层2列/ [索取号:D924.114/2] | 在馆 | |
| 3 | 768750 | 2000768750 | 中心书库南/014架A面3层2列/ [索取号:D924.114/2] | 在馆 | |
| 4 | 768751 | 2000768751 | 中心书库南/014架A面3层2列/ [索取号:D924.114/2] | 在馆 | |
| 5 | 768752 | 2000768752 | 中心书库南/014架A面3层2列/ [索取号:D924.114/2] | 在馆 | |
| 6 | 768753 | 2000768753 | 中心书库南/014架A面7层1列/ [索取号:D924.114/2] | 在馆 | |
| 7 | 768754 | 2000768754 | 中心书库南/014架A面7层1列/ [索取号:D924.114/2] | 在馆 | |
| 8 | 768755 | 2000768755 | 中心书库南/014架A面3层2列/ [索取号:D924.114/2] | 在馆 | |
| 9 | 768756 | 2000768756 | 中心书库南/014架A面3层2列/ [索取号:D924.114/2] | 在馆 | |
| 10 | 768757 | 2000768757 | 中心书库南/014架A面3层2列/ [索取号:D924.114/2] | 在馆 |